Madera y corcho

Uloženo v:
Podrobná bibliografie
Hlavní autor: Arredondo y Verdu, Francisco (Autor)
Médium: Kniha
Jazyk:španělština
Vydáno: Madrid E.T.S. Ingenieros de Caminos 1992
Témata:
Tagy: Přidat tag
Žádné tagy, Buďte první, kdo vytvoří štítek k tomuto záznamu!

MARC

LEADER 00000nam a2200000 a 4500
001 UCV5986
003 CL-VaPUC
008 930310e19920000SP |||||||||||||||||spa|d
082 0 4 |a 691.1  |b ARR  |2 21 
100 0 |a Arredondo y Verdu, Francisco  |e author  |9 300215 
245 1 0 |a Madera y corcho 
300 |a 136 p 
942 |c BK 
945 |d 19930310 00:00:00 
260 |a Madrid  |b E.T.S. Ingenieros de Caminos  |c 1992 
650 0 |a Madera  |9 262357 
650 7 |a CORCHO  |2 CL-VaPUC  |9 262894 
650 0 |a Materiales de construcción  |9 260197 
650 0 |a Construcción  |9 260195 
583 |a last modification  |c 19930310 00:00:00  |k Rodrigo Vera 
999 |c 212261  |d 212259 
952 |0 0  |1 0  |4 0  |6 691_100000000000000_ARR_1992  |7 0  |8 A  |9 192881  |a BIBING  |b BIBING  |d 2019-11-14  |i 2605325  |o 691.1 ARR 1992  |p 2605325  |r 2025-01-20  |w 2019-11-14  |y BK  |k CCL